000 01650nam0a22002651 4500
001 rc\3459554
005 20260407142440.0
021 _aRU
_bРг16667-72
035 _a(NLR Aleph) 007885474
090 _a7944711
_c7944711
100 _a20130115d1971 |||y0rusy50 ca
101 0 _arus
102 _aRU
105 _ay g |||||
200 1 _aОборудование для мельнично-элеваторной промышленности, серийно выпускаемое в 1970 году
_eНоменклатурный справочник
_fСССР. М-во машиностроения для легкой и пищевой пром-сти и бытовых приборов. Всесоюз. науч.-исслед. и эксперим.-конструкт. ин-т прод. машиностроения. Центр. науч.-исслед. ин-т информации и техн.-экон. исследований. [ЦНИИТЭИлегпищемаш]
210 _aМосква
_cБ. и.
_d1971
215 _a84 с.
_d15х21
311 _aПрил.: Дополнение на 1973 год...., 1974
421 0 _11010#$arus
_12001#$aДополнение на 1973 год...
_1210##$d1974
_1215##$a8 с.
_tДополнение на 1973 год...
712 0 2 _aВсесоюзный научно-исследовательский и экспериментально-конструкторский институт продовольственного машиностроения
_3RU\NLR\AUTH\8810012136
_9522042
801 0 _aRU
_bNLR
_gpsbo
801 1 _aRU
_bELAR
_2rusmarc
852 _aNLR
_jПт 66/747
942 _cBOOK
980 _aNB